| 000 | 01285nam a2200229Ia 4500 | ||
|---|---|---|---|
| 999 |
_c38603 _d38603 |
||
| 001 | 4720 | ||
| 003 | GE_BSU | ||
| 005 | 20190723154907.0 | ||
| 008 | 181216s2005||||ge |||||||||||||| ||geo|| | ||
| 040 | _cGE_BSU | ||
| 041 | _ageo | ||
| 080 | _a821.353.1 + 821.353.1(092 რუსთაველი) ნ–81 | ||
| 100 |
_aნოზაძე, ვიკტორ _93291 |
||
| 245 |
_aთხზულებათა სრული კრებული 10 ტომად. ტ. 2 : _bვეფხისტყაოსნის ვარსკვლავთმეტყველება, ვეფხისტყაოსნის ბუნებისმეტყველება / _cვიკტორ ნოზაძე ; გურამ შარაძის საერთო რედაქციით |
||
| 264 |
_aთბილისი : _b[გ.გ.] ; _c2005. |
||
| 300 |
_a520 გვ. ; _c20 სმ. |
||
| 541 | _h17 ლ. | ||
| 653 | _aვეფხისტყაოსნის ვარსკვლავთმეტყველება | ||
| 653 | _aვეფხისტყაოსნის ბუნებისმეტყველება | ||
| 710 |
_aვიქტორ ნოზაძის საზოგადოება _93292 |
||
| 942 |
_cBK _2udc |
||